000 00936nam a2200241 i 4500
001 bg
100 1 _aMACIEJEWSKI, Maciej
245 1 0 _aHydraulika zbiorników wodociągowych oraz wybranych urządzeń do uzdatniania wody i oczyszczania ścieków /
_cMaciej Maciejewski.
260 _aKraków :
_bPK,
_c1991.
300 _a201 s :
_brys., wykr. ;
_c24 cm.
490 1 _aZeszyt Naukowy / Politechnika Krakowska. Inżynieria Sanitarna i Wodna,
_x0867-177X [właśc. 0137-1363] ;
_vz. 41
500 _aNumeracja ser. gł. : nr 2.
504 _aBibliogr. s. 187-195. - Summ., res.
650 9 _aWoda
_xtechnologia
_xurządzenia
650 9 _aŚcieki
_xtechnologia
_xurządzenia
650 9 _aHydrodynamika
830 0 _aZeszyt Naukowy (Politechnika Krakowska).
_pInżynieria Sanitarna i Wodna ;
_vz. 41
040 _cBPK
041 0 _apl
_benfr
080 _a628.1/.3:532.5
942 _cKS
008 s pl f |000 0 pol
999 _c30235
_d30235
856 _uhttp://koha.tu.koszalin.pl/cgi-bin/koha/opac-detail.pl?biblionumber=30235
_yKatalog online BPK